| Поле | Инд. | ПП | Название | Значение |
|---|---|---|---|---|
| Тип записи | a | |||
| Библиографический уровень | m | |||
| 001 | Контрольный номер | b1f8e655-03b5-45a3-a77f-7e8c2c08653b | ||
| 005 | Дата корректировки | 20131112082621.9 | ||
| 008 | Кодируемые данные | 020731 | ||
| 020 | a | ISBN | 954-8510-34-0 | |
| c | Цена, тираж | 18.00 | ||
| 040 | a | Служба первич. каталог. | НБ ТвГУ | |
| 041 | a | Код языка текста | bul | |
| 080 | a | Индекс УДК | 949.72"18" | |
| a | Индекс УДК | 929Левски | ||
| 084 | a | Индекс другой классификации/Индекс ББК | Т3(4БОЛ)51 | |
| 090 | a | Полочн. индекс | Т3(4БОЛ) | |
| x | Авторский знак | Д46 | ||
| 100 | 1_ | a | Автор | Димитров Любен |
| 245 | 00 | a | Заглавие | Апостолът като възпитател |
| c | Ответственность | Любен Димитров | ||
| 260 | a | Место издания | София | |
| b | Издательство | Веда словена - ЖГ | ||
| c | Дата издания | 1997 | ||
| 300 | a | Объем | 69,[2] с. | |
| b | Иллюстрации/ тип воспроизводства | ил., портр. | ||
| 504 | a | Библиография | Библиогр.: с. 66-69. | |
| 583 | a | Действие | Получение впервые 323 05.08.2002 | |
| k | Исполнитель действия | Дар РГГУ | ||
| 650 | a | Основная рубрика | Левский, Васил, о нем | |
| 650 | a | Основная рубрика | Болгария | |
| x | Основная подрубрика | История | ||
| y | Хронологическая подрубрика | 19 в. | ||
| 653 | a | Ключевые слова | Болгария | |
| a | Ключевые слова | Болгарская легия | ||
| a | Ключевые слова | История Болгарии | ||
| a | Ключевые слова | Левский (Иванов) | ||
| a | Ключевые слова | Национально-освободительное движение | ||
| a | Ключевые слова | Османское иго в Болгарии | ||
| a | Ключевые слова | Персоналии | ||
| 852 | t | Порядковый номер экземпляра | 1 | |
| p | Инвентарный номер | 748625 | ||
| 863 | t | 10690000004208 | ||
| 888 | a | Бесплатные | ||
| 930 | a | Новая/Ретро | персоналии | |
| a | Новая/Ретро | иностр | ||
| a | Новая/Ретро | бол | ||
| 952 | p | 323.2002 18.00 1 748625 | ||
| c | Вид литературы | К ин | ||
| 954 | a | Дата поступления на обработку | 20020930 | |
| 999 | a | Подразделение 2 | аб. |